000 00735nam a2200193 u 4500
001 000618429
003 AM-YeHGA
005 20250617135920.0
008 081209s1960 ||| r 000 0 rus d
040 _aAM-YeHGA
041 0 _arus
100 1 _aКовалев, Илья Антонович
245 1 0 _aУглич :
_bПутеводитель по историческим местам и архитектурным памятникам /
_cИ.А. Ковалев, И.Б. Пуришев.
260 _aЯрославль :
_bЯрослав. кн. изд-во,
_c1960.
300 _a202 с. :
_bил.
653 0 _aУглич - Путеводители
700 1 _aПуришев, Иван Борисович
090 _c211274
999 _c209767
_d209767